000 01319nam a2200313 i 4500
003 DO-SdBNP
005 20241018143122.0
007 ta
008 230926e1980 dr ||||| |||| 00| m spa d
040 _aDO-SdBNP
_bspa
_cBNPHU
_erda
082 4 _222
_bG633m
_a22
100 1 _aGómez Michel, Fuime de,
_eautor
_4aut.
_984271
245 1 0 _aManual de literatura dominicana y americana para el 5to. curso de reforma de la educación media:
_b(antología, guía de análisis y comentarios) /
_cFiume Gómez de Michel ; edición, Eridania Mir
264 4 _aSanto Domingo :
_bEditora de la UASD,
_c1980.
300 _a479 páginas ;
_c27 cm.
336 _atexto
_btxt
_2rdacontent
337 _asin mediación
_bn
_2rdamedia
338 _asin mediación
_bnc
_2rdamedia
490 _aPublicaciones de la Universidad Autónoma de Santo Domingo
_v283
490 _aEducación y Sociedad
_v13
500 _aIncluye datos biográficos de la autora en la contracubierta.
590 _aInventariado 2024/BT
650 4 _aLiteratura dominicana.
_967
_xLibro de texto
650 4 _aLiteratura Americana
_99896
_xLibro de texto
700 1 _aMir, Eridania,
_eeditor
_4ed.
_910197
830 0 _aPublicaciones de la Universidad Autónoma de Santo Domingo;
_n283
_pEducación y Sociedad
_n13
_986732
910 _aBtavárez
942 _2ddc
_cLBS1
999 _c57918
_d57918